La Lógica de la acción colectiva: bienes públicos y la teoría de grupos

Guardado en:
Bibliografiske detaljer
Hovedforfatter: Olson, Mancur
Format: Texto
Udgivet: Balderas: LIMUSA
Tags: Tilføj Tag
Ingen Tags, Vær først til at tagge denne postø!

MARC

LEADER 00000 a a2200000 04500
001 32659
003
040 |a CRAI/IIS  |c CRAI/IIS 
020 |a 968-18-4212-X  
090 |a 203300  
100 |a Olson, Mancur  
245 |a La Lógica de la acción colectiva: bienes públicos y la teoría de grupos  
260 |a Balderas:   |b LIMUSA  
300 |a 199 p.  
999 |c 7189  |d 7189